[Event "European Blitz 2017"]
[Site "Katowice POL"]
[Date "2017.12.15"]
[Round "5.82"]
[White "Kaleta, Blazej"]
[Black "Smolka, Marcin"]
[Result "0-1"]
[WhiteElo "2110"]
[BlackElo "2178"]
[WhiteFideId "1170252"]
[BlackFideId "1139681"]
[EventDate "2017.12.15"]
[EventType "blitz"]

1. d4 d5 2. c4 e6 3. Nc3 c6 4. e3 Nf6 5. Nf3 Nbd7 6. a3 Bd6 7. c5 Bc7 8. b4 e5
9. Bb2 O-O 10. Be2 Re8 11. Qc2 h6 12. h3 a5 13. b5 exd4 14. Nxd4 Nxc5 15. bxc6
bxc6 16. Nxc6 Qd6 17. Nd4 Bb6 18. Ncb5 Qe7 19. O-O Bd7 20. Nf5 Qe4 21. Qxe4
Ncxe4 22. Nfd4 Rac8 23. Rac1 Rxc1 24. Rxc1 Rc8 25. Rxc8+ Bxc8 26. a4 Ne8 27. Kf1
N8d6 28. Ke1 Nc4 29. Bc1 Bd7 30. f3 Ned6 31. Nc3 Bc5 32. Nxd5 Bxa4 33. Bxc4 Nxc4
34. Ke2 0-1

[Event "European Blitz 2017"]
[Site "Katowice POL"]
[Date "2017.12.15"]
[Round "5.83"]
[White "Snihur, Piotr"]
[Black "Heinzel, Olaf"]
[Result "1-0"]
[BlackTitle "IM"]
[WhiteElo "2233"]
[BlackElo "2360"]
[WhiteFideId "1157191"]
[BlackFideId "4626664"]
[EventDate "2017.12.15"]
[EventType "blitz"]

1. d4 Nf6 2. c4 e5 3. dxe5 Ne4 4. Nd2 Bb4 5. a3 Nxd2 6. Bxd2 Bxd2+ 7. Qxd2 Nc6
8. Nf3 O-O 9. e3 Qe7 10. Be2 Nxe5 11. O-O d6 12. Rfd1 Bg4 13. Nd4 Bxe2 14. Qxe2
a6 15. Rac1 h6 16. Qc2 Rfe8 17. c5 dxc5 18. Qxc5 c6 19. Qxe7 Rxe7 20. Nf5 Rc7
21. Rc2 g6 22. Nd6 Rd8 23. Rcd2 Rcd7 24. Kf1 Rb8 25. Ke2 Kf8 26. h3 g5 27. f4
gxf4 28. exf4 Ng6 29. g3 h5 30. Kf3 Rbd8 31. Ne4 Rxd2 32. Rxd2 Rxd2 33. Nxd2 Ke7
34. Ke4 Kf6 35. Nc4 Ne7 36. Nd6 b5 37. Ne8+ Kg6 38. Ke5 a5 39. g4 hxg4 40. hxg4
f5 41. g5 Nd5 42. Nd6 Ne3 43. b3 a4 44. bxa4 bxa4 45. Ke6 Nc2 46. Nxf5 Nxa3 47.
Ne7+ Kh5 48. g6 Kh6 49. Kf7 Nc4 50. Nf5+ Kh5 51. g7 Kg4 52. Nh6+ Kxf4 53. g8=Q
a3 54. Qg4+ Ke3 55. Qxc4 1-0

[Event "European Blitz 2017"]
[Site "Katowice POL"]
[Date "2017.12.15"]
[Round "5.84"]
[White "Holemar, David"]
[Black "Buraczewski, Rafal"]
[Result "1/2-1/2"]
[WhiteTitle "FM"]
[WhiteElo "2299"]
[BlackElo "2221"]
[WhiteFideId "307009"]
[BlackFideId "1155245"]
[EventDate "2017.12.15"]
[EventType "swiss"]

1. Nc3 d5 2. e4 dxe4 3. Nxe4 Bf5 4. Ng3 Bg6 5. Nf3 Nf6 6. h4 Nh5 7. Ne2 Nf6 8.
Nf4 Nbd7 9. d4 e6 10. h5 Be4 11. h6 g6 12. Bd3 Bxd3 13. Nxd3 c6 14. Bg5 Qa5+ 15.
c3 Ne4 16. Bf4 g5 17. Be5 f6 18. Bg3 Nxg3 19. fxg3 Qc7 20. Qe2 O-O-O 21. O-O-O
Re8 22. g4 Bd6 23. Kb1 Rhg8 24. Qd2 Nb6 25. Rde1 1/2-1/2

[Event "European Blitz 2017"]
[Site "Katowice POL"]
[Date "2017.12.15"]
[Round "5.85"]
[White "Nestorenko, Dmitry"]
[Black "Putka, Verners"]
[Result "0-1"]
[WhiteElo "2253"]
[BlackElo "2307"]
[WhiteFideId "14129728"]
[BlackFideId "11600659"]
[EventDate "2017.12.15"]
[EventType "blitz"]

1. e4 e5 2. Nf3 Nf6 3. Nxe5 d6 4. Nf3 Nxe4 5. Nc3 Nf6 6. d4 Be7 7. h3 O-O 8. Bd3
c5 9. dxc5 dxc5 10. O-O Nc6 11. Bf4 Nb4 12. Re1 h6 13. Qe2 Be6 14. a3 Nxd3 15.
cxd3 Qb6 16. Rad1 Rad8 17. Ne4 Nd5 18. Bh2 Rfe8 19. Qc2 Rc8 20. Ne5 Qa6 21. Nc4
Red8 22. Nc3 Bf8 23. Ne3 Ne7 24. Ne4 b6 25. Nd6 Ra8 26. Ndc4 Nc6 27. Qc3 Nd4 28.
Nc2 b5 29. Ne5 Rac8 30. Nxd4 Rxd4 31. Nf3 Rdd8 32. Be5 b4 33. axb4 cxb4 34. Qd2
Qb6 35. d4 Bd5 36. Nh2 a5 37. Ng4 a4 38. Rc1 a3 39. bxa3 bxa3 40. Ra1 Bb4 41.
Reb1 Bxd2 42. Rxb6 a2 43. Ra6 Ra8 44. Rxa8 Rxa8 45. Ne3 Bc3 46. Rf1 Bb3 0-1

[Event "European Blitz 2017"]
[Site "Katowice POL"]
[Date "2017.12.15"]
[Round "5.86"]
[White "Czernek, Tymon"]
[Black "Janaszak, Dawid"]
[Result "0-1"]
[BlackTitle "FM"]
[WhiteElo "2050"]
[BlackElo "2372"]
[WhiteFideId "1199510"]
[BlackFideId "1119206"]
[EventDate "2017.12.15"]
[EventType "blitz"]

1. Nf3 g6 2. g3 Bg7 3. Bg2 e5 4. d4 e4 5. Ne5 d6 6. Nc4 Nf6 7. O-O O-O 8. Bg5
Re8 9. Nc3 h6 10. Bxf6 Qxf6 11. e3 c6 12. d5 b5 13. Nxe4 Rxe4 14. Bxe4 bxc4 15.
dxc6 Na6 16. c7 Nxc7 17. Bxa8 Nxa8 18. Qd5 Nb6 19. Qc6 Bd7 20. Qg2 Qxb2 21. Rad1
d5 22. Rb1 Qxa2 23. Rxb6 axb6 24. Qxd5 Be6 25. Qd8+ Kh7 26. Qxb6 Qxc2 27. h4 Qe4
28. Kh2 Bd5 29. Rg1 Qf3 30. e4 Bxe4 31. Qe3 c3 32. Qxf3 Bxf3 33. Rc1 Be4 34. f4
c2 35. Kg1 Bb2 36. Rxc2 Bxc2 37. h5 gxh5 38. g4 hxg4 39. Kg2 h5 40. Kg3 Bf6 41.
Kg2 Be4+ 0-1

[Event "European Blitz 2017"]
[Site "Katowice POL"]
[Date "2017.12.15"]
[Round "5.87"]
[White "Wiewiora, Eneasz"]
[Black "Brozyna, Mateusz"]
[Result "1-0"]
[WhiteTitle "FM"]
[WhiteElo "2320"]
[BlackElo "2108"]
[WhiteFideId "1140396"]
[BlackFideId "21816140"]
[EventDate "2017.12.15"]
[EventType "blitz"]

1. e4 e5 2. Nf3 Nc6 3. Bc4 Nf6 4. d3 Be7 5. O-O O-O 6. Re1 d6 7. h3 Na5 8. Nc3
Nxc4 9. dxc4 h6 10. b3 Be6 11. Kh2 Nh5 12. Nd5 Nf6 13. Nxe7+ Qxe7 14. Qe2 Nd7
15. Ba3 f5 16. exf5 Rxf5 17. Nd2 Raf8 18. Ne4 Rf4 19. Rad1 Qh4 20. f3 Bxh3 21.
gxh3 Rxf3 22. Qg2 Nf6 23. Qxf3 Nxe4 24. Rxe4 Rxf3 25. Rxh4 1-0

[Event "European Blitz 2017"]
[Site "Katowice POL"]
[Date "2017.12.15"]
[Round "5.88"]
[White "Brunello, Sabino"]
[Black "Bilczewski, Kacper"]
[Result "1-0"]
[WhiteTitle "GM"]
[WhiteElo "2553"]
[BlackElo "2184"]
[WhiteFideId "813613"]
[BlackFideId "1152106"]
[EventDate "2017.12.15"]
[EventType "blitz"]

1. b3 Nf6 2. Bb2 g6 3. c4 Bg7 4. g3 O-O 5. Bg2 c6 6. Nf3 d5 7. O-O Bf5 8. d3
Nbd7 9. Nbd2 Rc8 10. Nd4 e5 11. Nxf5 gxf5 12. Bh3 f4 13. gxf4 exf4 14. Kh1 Kh8
15. Rg1 Rg8 16. Nf3 Qe7 17. Qd2 Rce8 18. Rae1 Qd6 19. Nh4 f3 20. Nxf3 Nc5 21.
Ng5 Re7 22. Rg2 dxc4 23. bxc4 Rge8 24. Reg1 Rg8 25. f3 b5 26. Qc1 Na4 27. Ba1
Nh5 28. Ne4 1-0

[Event "European Blitz 2017"]
[Site "Katowice POL"]
[Date "2017.12.15"]
[Round "5.89"]
[White "Andriasian, Zaven"]
[Black "Macko, Miroslav"]
[Result "1/2-1/2"]
[WhiteTitle "GM"]
[BlackTitle "FM"]
[WhiteElo "2585"]
[BlackElo "2262"]
[WhiteFideId "13302000"]
[BlackFideId "14932695"]
[EventDate "2017.12.15"]
[EventType "swiss"]

1. e4 c5 2. Nf3 Nc6 3. Bb5 g6 4. Bxc6 bxc6 5. O-O Bg7 6. Re1 Nf6 7. c3 O-O 8. d4
cxd4 9. cxd4 d5 10. e5 Ne4 11. Nbd2 Nxd2 12. Bxd2 Qb6 13. Bc3 Rd8 14. h3 c5 15.
dxc5 Qxc5 16. Nd4 e6 17. Rc1 Bh6 18. Rc2 Ba6 19. Nb3 Qe7 20. Bd4 Bc4 21. Nc5
Rdc8 22. b3 Bb5 23. a4 Be8 24. b4 Qc7 25. Rc3 Qd8 26. Qd3 Bf8 27. Ra1 Bxc5 28.
Bxc5 Qg5 29. Qd4 Bd7 30. b5 a6 31. b6 Bc6 32. Bd6 a5 33. Rac1 Bb7 34. Rc7 Qxc1+
35. Rxc1 Rxc1+ 36. Kh2 Rc4 37. Qd2 Rxa4 38. Be7 Re4 39. Qh6 f5 40. exf6 Kf7 41.
Qxh7+ Ke8 42. Bd6 Kd8 43. Qe7+ Kc8 44. Qc7# 1/2-1/2

[Event "European Blitz 2017"]
[Site "Katowice POL"]
[Date "2017.12.15"]
[Round "5.90"]
[White "Koscielski, Janusz"]
[Black "Mastrovasilis, Dimitrios"]
[Result "0-1"]
[WhiteTitle "FM"]
[BlackTitle "GM"]
[WhiteElo "2339"]
[BlackElo "2582"]
[WhiteFideId "4614437"]
[BlackFideId "4202694"]
[EventDate "2017.12.15"]
[EventType "blitz"]

1. e4 c5 2. Nf3 e6 3. b3 d6 4. Bb2 Nf6 5. e5 dxe5 6. Nxe5 Nbd7 7. Bb5 Be7 8. O-O
O-O 9. Nxd7 Bxd7 10. Bxd7 Qxd7 11. d3 Nd5 12. Nd2 Bf6 13. Bxf6 Nxf6 14. Ne4 Qe7
15. Nxf6+ Qxf6 16. Qe2 Rfd8 17. Rfe1 Rd5 18. a4 Rad8 19. a5 h6 20. h3 Rf5 21.
Ra4 Rd4 22. Rc4 Qd8 23. Qd2 b5 24. axb6 axb6 25. Re4 b5 26. Rcxd4 cxd4 27. Qb4
Rd5 28. g3 Qc7 29. Kg2 Qxc2 30. Rxd4 Rxd4 31. Qxd4 Qxb3 32. Qd8+ Kh7 33. Qd7
Qd5+ 0-1

[Event "European Blitz 2017"]
[Site "Katowice POL"]
[Date "2017.12.15"]
[Round "5.91"]
[White "Fressinet, Laurent"]
[Black "Sotsky, Alexander"]
[Result "1-0"]
[WhiteTitle "GM"]
[BlackTitle "IM"]
[WhiteElo "2662"]
[BlackElo "2333"]
[WhiteFideId "608742"]
[BlackFideId "4130715"]
[EventDate "2017.12.15"]
[EventType "blitz"]

1. e4 e6 2. d4 d5 3. exd5 exd5 4. Nf3 Nf6 5. Bd3 Be7 6. O-O O-O 7. Bg5 c6 8.
Nbd2 Bg4 9. c3 Nbd7 10. Qc2 Bh5 11. Rfe1 Bg6 12. Bxg6 hxg6 13. Re2 Bd6 14. Rae1
Qc7 15. Ne5 c5 16. Nxd7 Nxd7 17. Nf3 Nf6 18. dxc5 Bxc5 19. Bxf6 gxf6 20. Qd3
Rad8 21. g3 Kg7 22. Nd4 a6 23. h4 Rh8 24. Qf3 Qd7 25. Rd1 Rh5 26. Red2 Qh3 27.
Qg2 Qg4 28. Qf3 Qh3 29. Ne2 Rxh4 30. Qg2 Qxg2+ 31. Kxg2 Rh5 32. Nf4 Rf5 33. Rxd5
Rdxd5 34. Rxd5 Rxd5 35. Nxd5 f5 36. Kf1 Kf8 37. b4 Bd6 38. c4 Ke8 39. Ke2 Kd7
40. Kd3 Ke6 41. a3 b5 42. Nc3 bxc4+ 43. Kxc4 g5 44. a4 f4 45. gxf4 Bxf4 46. b5
axb5+ 47. Nxb5 f5 48. a5 Bb8 49. a6 g4 50. Nd4+ Kd7 51. Nxf5 Ba7 52. Nd4 Kc8 1-0

[Event "European Blitz 2017"]
[Site "Katowice POL"]
[Date "2017.12.15"]
[Round "5.92"]
[White "Dzhuguryan, Tygran"]
[Black "Aleksandrov, Aleksej"]
[Result "0-1"]
[BlackTitle "GM"]
[WhiteElo "2220"]
[BlackElo "2589"]
[WhiteFideId "21872988"]
[BlackFideId "13500139"]
[EventDate "2017.12.15"]
[EventType "blitz"]

1. d4 Nf6 2. c4 e6 3. Nf3 d5 4. Nc3 Bb4 5. Qb3 c5 6. cxd5 exd5 7. Bg5 Nc6 8. e3
c4 9. Qc2 h6 10. Bh4 g5 11. Bg3 Ne4 12. Be2 Bf5 13. Qc1 Qa5 14. O-O Bxc3 15.
bxc3 Nxc3 16. Re1 O-O 17. h4 f6 18. Bf1 Ne4 19. Bh2 g4 20. Ne5 fxe5 21. dxe5 g3
22. fxg3 Nxe5 23. Qb2 c3 24. Qxb7 Rab8 25. Qe7 Ng6 0-1

[Event "European Blitz 2017"]
[Site "Katowice POL"]
[Date "2017.12.15"]
[Round "5.93"]
[White "Tomczak, Jacek"]
[Black "Peterson, Emery"]
[Result "1-0"]
[WhiteTitle "GM"]
[WhiteElo "2588"]
[BlackElo "2168"]
[WhiteFideId "1124668"]
[BlackFideId "4610920"]
[EventDate "2017.12.15"]
[EventType "blitz"]

1. e4 e6 2. d4 d5 3. Nc3 Bb4 4. e5 c5 5. a3 Ba5 6. b4 cxd4 7. Qg4 Ne7 8. Nb5 Bc7
9. Nf3 O-O 10. Bd3 Nf5 11. Bf4 Nc6 12. O-O a6 13. Nxc7 Qxc7 14. Rfe1 Qe7 15. Bg5
Qd7 16. Bf6 Nce7 17. Nxd4 Ng6 18. Bg5 f6 19. exf6 gxf6 20. Nxe6 Ng7 21. Bh6 Nxe6
22. Bxg6 hxg6 23. Qxg6+ Ng7 24. Rad1 Qg4 25. Qxg7+ Qxg7 26. Bxg7 Kxg7 27. Rxd5
Kf7 28. h4 Be6 29. Rd6 Rae8 30. f3 Bf5 31. Rxe8 Rxe8 32. c4 Re3 33. a4 Rc3 34.
c5 Rc4 35. Rb6 Bc8 36. h5 Kg7 37. Kf2 Kf7 38. g4 Rc2+ 39. Kg3 Rc3 40. h6 Kg6 41.
h7 Kxh7 42. Rxf6 Rc4 43. Rf4 Rc3 44. Rf8 Be6 45. Rd8 Rc4 46. Rd6 Bf7 47. Rd7 Kg8
48. Rxb7 a5 49. bxa5 Rxc5 50. Rb5 Rc4 51. f4 Rxa4 52. f5 Kg7 53. Kh4 Be8 54. Rc5
Bd7 55. Kg5 Kf8 56. Rd5 Ke7 57. Kh5 Be8+ 58. Kh4 Bf7 59. Rb5 Be8 60. Rb7+ Bd7
61. Ra7 Ke8 62. Kg5 Ke7 63. f6+ Ke6 64. f7 Kxf7 65. Rxd7+ Ke8 66. Rd5 Ke7 67.
Kf5 Ra1 68. g5 Kf7 69. Rd7+ Ke8 70. Ra7 Rf1+ 71. Kg6 Rg1 72. Kf6 Rf1+ 73. Kg7
Rg1 74. g6 Rf1 75. Kg8 Rh1 76. g7 Rh2 77. Rb7 Ra2 78. Rb5 Ke7 79. Kh7 Rh2+ 80.
Kg6 Rg2+ 81. Rg5 1-0

[Event "European Blitz 2017"]
[Site "Katowice POL"]
[Date "2017.12.15"]
[Round "5.94"]
[White "Olszewski, Michal"]
[Black "Sliwicki, Damian"]
[Result "1-0"]
[WhiteTitle "GM"]
[WhiteElo "2540"]
[BlackElo "2148"]
[WhiteFideId "1121251"]
[BlackFideId "1127128"]
[EventDate "2017.12.15"]
[EventType "blitz"]

1. e4 c5 2. Nf3 Nc6 3. Nc3 g6 4. d4 cxd4 5. Nxd4 Bg7 6. Be3 Nf6 7. Bc4 O-O 8.
Bb3 Ng4 9. Qxg4 Nxd4 10. Qd1 Nc6 11. O-O d6 12. Qd2 Qa5 13. Bh6 Be6 14. Bxg7
Kxg7 15. Rad1 Bxb3 16. axb3 Rac8 17. f4 h6 18. f5 Ne5 19. Kh1 Rfd8 20. Qf4 Rxc3
21. bxc3 Qxc3 22. f6+ Kh7 23. fxe7 Re8 24. Rxd6 Rxe7 25. Qf6 Re8 26. Rd7 Qc8 27.
Rxf7+ Nxf7 28. Qxf7+ Kh8 29. Qf6+ Kh7 30. Qf7+ Kh8 31. Qxg6 Qe6 32. Rf6 Qxe4 33.
Qxh6+ Qh7 34. Rf8+ Rxf8 35. Qxf8+ Qg8 36. Qxg8+ Kxg8 37. Kg1 b5 38. Kf2 a5 39.
Ke3 Kf7 40. Kd4 Ke6 41. Kc5 a4 42. bxa4 bxa4 43. Kb4 Kd5 1-0

[Event "European Blitz 2017"]
[Site "Katowice POL"]
[Date "2017.12.15"]
[Round "5.95"]
[White "Tregubov, Pavel V."]
[Black "Pereira, Antonio Pedro Caramez"]
[Result "1/2-1/2"]
[WhiteTitle "GM"]
[WhiteElo "2575"]
[BlackElo "2113"]
[WhiteFideId "4115341"]
[BlackFideId "1904485"]
[EventDate "2017.12.15"]
[EventType "blitz"]

1. d4 d5 2. c4 e6 3. Nc3 Nf6 4. cxd5 exd5 5. Bg5 Be7 6. e3 c6 7. Bd3 O-O 8. Qc2
Nbd7 9. Nf3 Re8 10. O-O h6 11. Bf4 Nf8 12. h3 Bd6 13. Be5 Qe7 14. Rab1 a5 15. a3
Be6 16. Rfc1 N8d7 17. Bxd6 Qxd6 18. b4 axb4 19. axb4 Rec8 20. b5 c5 21. dxc5
Rxc5 22. Qd2 Rac8 23. Na4 Rxc1+ 24. Rxc1 Rxc1+ 25. Qxc1 Nb6 26. Qc5 Qxc5 27.
Nxc5 Bc8 28. Nd2 Nfd7 29. Nxd7 Bxd7 30. Kf1 Nc8 31. Nb3 Nd6 32. Nd4 Kf8 33. Ke2
Ke7 34. Kd2 g6 35. Kc3 Nc8 36. Kb4 Kd6 37. Ka5 Kc5 38. Nb3+ Kd6 39. Kb4 b6 40.
Nd4 Ne7 41. f4 h5 42. h4 f6 43. Kc3 Bg4 44. Nc2 Bf5 45. Nd4 Bxd3 46. Kxd3 Nf5
47. Nxf5+ gxf5 48. Kd4 Ke6 49. Kd3 Ke7 50. Kc3 Kd7 1/2-1/2

[Event "European Blitz 2017"]
[Site "Katowice POL"]
[Date "2017.12.15"]
[Round "5.96"]
[White "Pena Gomez, Manuel"]
[Black "Pein, Jonathan"]
[Result "1-0"]
[WhiteTitle "IM"]
[WhiteElo "2491"]
[BlackElo "2165"]
[WhiteFideId "2252813"]
[BlackFideId "417092"]
[EventDate "2017.12.15"]
[EventType "blitz"]

1. g3 g6 2. Bg2 Bg7 3. c4 Nf6 4. Nc3 O-O 5. e3 d6 6. Nge2 e5 7. O-O c6 8. h3 Re8
9. Kh2 d5 10. cxd5 Nxd5 11. Nxd5 cxd5 12. Qb3 e4 13. Nc3 Re5 14. d4 Rh5 15. Kg1
Nc6 16. g4 Rh4 17. f3 Na5 18. Qxd5 Qxd5 19. Nxd5 exf3 20. Rxf3 h5 21. Ne7+ Kh7
22. gxh5 Rxh5 23. Nxc8 Rxc8 24. Bd2 Nc4 25. Bc3 Nd6 26. Rf2 Kg8 27. Raf1 Rc7 28.
Rc2 b5 29. Rfc1 Rg5 30. Bb4 Rxc2 31. Rxc2 Nc4 32. Kf2 Bf6 33. b3 Nb6 34. Rc7
Rf5+ 35. Ke2 Rg5 36. Bf3 Rg3 37. Rxa7 Rxh3 38. Bc5 Nc8 39. Ra8 Rh2+ 40. Kd3 1-0

[Event "European Blitz 2017"]
[Site "Katowice POL"]
[Date "2017.12.15"]
[Round "5.97"]
[White "Sammalvuo, Tapani"]
[Black "Gbyl, Andrzej"]
[Result "1-0"]
[WhiteTitle "IM"]
[WhiteElo "2416"]
[BlackElo "2243"]
[WhiteFideId "501115"]
[BlackFideId "1117440"]
[EventDate "2017.12.15"]
[EventType "blitz"]

1. d4 d5 2. c4 c6 3. cxd5 cxd5 4. Nf3 Nc6 5. Nc3 Nf6 6. Bf4 Bf5 7. e3 e6 8. Qb3
Bb4 9. Bb5 O-O 10. Bxc6 Bxc3+ 11. Qxc3 Rc8 12. Ne5 bxc6 13. Rc1 Ne4 14. Qa3 Kh8
15. f3 Nd6 16. Nxc6 Rxc6 17. Rxc6 Nc4 18. Qxa7 g5 19. Bc7 Qe8 20. Qc5 Nxe3 21.
Bd6 Rg8 22. Be5+ 1-0

[Event "European Blitz 2017"]
[Site "Katowice POL"]
[Date "2017.12.15"]
[Round "5.98"]
[White "Kubica, Kamil"]
[Black "Polzin, Rainer"]
[Result "0-1"]
[BlackTitle "GM"]
[WhiteElo "2166"]
[BlackElo "2404"]
[WhiteFideId "1146360"]
[BlackFideId "4610741"]
[EventDate "2017.12.15"]
[EventType "blitz"]

1. d4 Nf6 2. c4 g6 3. Nc3 Bg7 4. e4 d6 5. f3 O-O 6. Bg5 c5 7. d5 e6 8. Bd3 exd5
9. cxd5 a6 10. a4 Nbd7 11. Nge2 Ne5 12. Bc2 Bd7 13. O-O b5 14. f4 Nc4 15. Qc1 b4
16. b3 Na3 17. Rxa3 bxa3 18. e5 Qb6 19. Bxf6 c4+ 20. Kh1 cxb3 21. Bxg7 Kxg7 22.
f5 bxc2 23. f6+ Kh8 24. Qh6 Rg8 25. Ne4 g5 26. e6 Qe3 27. exf7 Qxe2 28. fxg8=Q+
Rxg8 29. Rg1 Qe3 30. f7 Qxg1+ 31. Kxg1 c1=Q+ 32. Kf2 Qf4+ 0-1

[Event "European Blitz 2017"]
[Site "Katowice POL"]
[Date "2017.12.15"]
[Round "5.99"]
[White "Stachanczyk, Jacek"]
[Black "Jakubowski, Krzysztof"]
[Result "1/2-1/2"]
[WhiteTitle "IM"]
[BlackTitle "GM"]
[WhiteElo "2209"]
[BlackElo "2526"]
[WhiteFideId "1116657"]
[BlackFideId "1112848"]
[EventDate "2017.12.15"]
[EventType "blitz"]

1. e4 c5 2. Nf3 d6 3. d4 cxd4 4. Nxd4 Nf6 5. Nc3 a6 6. Bg5 e6 7. f4 Be7 8. Qf3
Qc7 9. O-O-O Nbd7 10. g4 O-O 11. h4 b5 12. Kb1 b4 13. Nce2 Bb7 14. Ng3 Rfc8 15.
Rh2 a5 16. h5 a4 17. Bxf6 Nxf6 18. g5 Ne8 19. g6 Bf6 20. Nb5 Qc5 21. gxf7+ Kxf7
22. Qd3 b3 23. cxb3 axb3 24. a3 Ra4 25. e5 dxe5 26. fxe5 Qxe5 27. Rf2 Bd5 28.
Nc3 Rf4 29. Rxf4 Qxf4 30. Nxd5 exd5 31. Qxd5+ Kf8 32. Ne4 Qf3 33. Nxf6 Qxf6 34.
Bc4 Nd6 35. Rf1 Nxc4 36. Rxf6+ gxf6 37. Qb7 Re8 38. Qb4+ Kg7 39. Kc1 Rc8 40. Kd1
Nxb2+ 41. Ke2 Rc2+ 42. Kf3 Nc4 43. a4 b2 44. a5 Nxa5 45. Qg4+ Kf7 46. Qd7+ Kf8
47. Qd8+ Kf7 48. Qd7+ Kf8 49. Qd8+ Kf7 50. Qd7+ 1/2-1/2

[Event "European Blitz 2017"]
[Site "Katowice POL"]
[Date "2017.12.15"]
[Round "5.100"]
[White "Sieciechowicz, Marcin"]
[Black "Maslak, Alexander"]
[Result "1-0"]
[WhiteTitle "IM"]
[WhiteElo "2387"]
[BlackElo "2154"]
[WhiteFideId "1130170"]
[BlackFideId "4130871"]
[EventDate "2017.12.15"]
[EventType "swiss"]

1. d4 Nf6 2. Bg5 c5 3. d5 Qb6 4. b3 Ne4 5. Bh4 Qb4+ 6. c3 Nxc3 7. Qd2 Nxd5 8.
Nf3 g6 9. Qxb4 Nxb4 10. Na3 Bg7 11. Rc1 d6 12. Nb5 N8a6 13. a3 Nd5 14. e4 Ndc7
15. e5 Nxb5 16. Bxb5+ Bd7 17. Bxa6 bxa6 18. O-O Be6 19. Rfe1 dxe5 20. Nxe5 Rc8
21. Nd3 Bd4 22. b4 c4 23. Nf4 Rc6 24. Re4 Bb2 25. Rc2 Bxa3 26. Nxe6 fxe6 27.
Rexc4 Rxc4 28. Rxc4 Kf7 29. Rf4+ Ke8 30. Kf1 Rf8 31. Rc4 Kf7 32. Rf4+ Ke8 33.
Rc4 Kf7 34. Rf4+ Kg7 35. Re4 Kf7 36. Rf4+ 1-0

[Event "European Blitz 2017"]
[Site "Katowice POL"]
[Date "2017.12.15"]
[Round "6.1"]
[White "Wojtaszek, Radoslaw"]
[Black "Vykouk, Jan"]
[Result "0-1"]
[WhiteTitle "GM"]
[BlackTitle "FM"]
[WhiteElo "2736"]
[BlackElo "2435"]
[WhiteFideId "1118358"]
[BlackFideId "349658"]
[EventDate "2017.12.15"]
[EventType "blitz"]

1. Nf3 d5 2. e3 Nf6 3. c4 c6 4. Nc3 Bf5 5. cxd5 cxd5 6. Qb3 Bc8 7. d4 Nc6 8. Bd3
e6 9. O-O Be7 10. Bd2 O-O 11. Rac1 Rb8 12. Qd1 Bd7 13. Ne5 Nxe5 14. dxe5 Ne8 15.
Ne2 f6 16. Qc2 g6 17. Bc3 Rc8 18. Qb3 Bc6 19. exf6 Bxf6 20. Qa3 e5 21. Ng3 Nc7
22. e4 d4 23. Bb4 Re8 24. Qxa7 Ne6 25. Qa5 Qd7 26. Qa3 Nf4 27. Bc4+ Kg7 28. Bd2
h5 29. Rfe1 h4 30. Ne2 Bxe4 31. Nxf4 exf4 32. f3 Bf5 33. Rxe8 Rxe8 34. Bf1 g5
35. Qa5 Kg6 36. Rc7 Qd6 37. Rc5 Re5 38. Rxe5 Bxe5 39. Qb5 d3 40. Qe8+ Kh6 41.
Kh1 Bf6 42. a4 b6 43. b4 Bg6 44. Qb5 Qd4 45. Qc6 Qf2 46. Qc1 Bd4 47. Bxd3 Bxd3
48. Bxf4 gxf4 49. Qxf4+ Kg6 50. Qg4+ Kf6 51. Qf4+ Ke6 52. Qg4+ Bf5 53. Qg8+ Ke5
54. Qg7+ Kd5 55. Qg8+ Be6 56. Qg5+ Kc4 57. Qc1+ Kb3 0-1

[Event "European Blitz 2017"]
[Site "Katowice POL"]
[Date "2017.12.15"]
[Round "6.2"]
[White "Wieczorek, Oskar"]
[Black "Navara, David"]
[Result "0-1"]
[WhiteTitle "IM"]
[BlackTitle "GM"]
[WhiteElo "2463"]
[BlackElo "2740"]
[WhiteFideId "1133950"]
[BlackFideId "309095"]
[EventDate "2017.12.15"]
[EventType "blitz"]

1. e4 c6 2. d4 d5 3. Nd2 dxe4 4. Nxe4 Bf5 5. Ng3 Bg6 6. N1e2 Nf6 7. Nf4 Nbd7 8.
c3 e5 9. Nxg6 hxg6 10. Be3 Bd6 11. Be2 Qc7 12. O-O Nd5 13. dxe5 Bxe5 14. Bd4
O-O-O 15. Bf3 Bxd4 16. Qxd4 Kb8 17. Bxd5 Nf6 18. Rfe1 Rxd5 19. Qe3 Rxh2 20. Qe8+
Nxe8 21. Rxe8+ Rd8 22. Rxd8+ Qxd8 23. Kxh2 Qd2 24. b3 Qxc3 25. Rd1 Kc7 26. Rd6
Qxg3+ 0-1

[Event "European Blitz 2017"]
[Site "Katowice POL"]
[Date "2017.12.15"]
[Round "6.4"]
[White "Tomczak, Mikolaj"]
[Black "McShane, Luke J"]
[Result "0-1"]
[WhiteTitle "FM"]
[BlackTitle "GM"]
[WhiteElo "2372"]
[BlackElo "2640"]
[WhiteFideId "1175114"]
[BlackFideId "404853"]
[EventDate "2017.12.15"]
[EventType "blitz"]

1. d4 Nf6 2. c4 g6 3. Nc3 Bg7 4. e4 d6 5. Nf3 O-O 6. Be2 e5 7. Be3 Na6 8. dxe5
dxe5 9. Nd2 c6 10. c5 Nc7 11. Nc4 Be6 12. O-O Nb5 13. Nxb5 cxb5 14. Nd6 Rb8 15.
Bxb5 Ng4 16. Bc4 Nxe3 17. fxe3 Bh6 18. Bxe6 Bxe3+ 19. Kh1 fxe6 20. Qb3 Bd4 21.
Qxe6+ Kg7 22. Rf7+ Rxf7 23. Qxf7+ Kh6 24. Rd1 Qh4 25. g3 Qg4 26. Rd3 Bxc5 27. h3
Qxh3# 0-1

[Event "European Blitz 2017"]
[Site "Katowice POL"]
[Date "2017.12.15"]
[Round "6.6"]
[White "Krzyzanowski, Marcin"]
[Black "Saric, Ivan"]
[Result "1-0"]
[WhiteTitle "IM"]
[BlackTitle "GM"]
[WhiteElo "2457"]
[BlackElo "2669"]
[WhiteFideId "1132199"]
[BlackFideId "14508150"]
[EventDate "2017.12.15"]
[EventType "blitz"]

1. e4 c5 2. Nf3 e6 3. b3 a6 4. Bb2 Nc6 5. c4 Qc7 6. Nc3 Nf6 7. Be2 Bd6 8. O-O
Nd4 9. h3 Nxf3+ 10. Bxf3 Be5 11. Qe2 d6 12. Rab1 O-O 13. Qd3 Bd7 14. Bd1 Bc6 15.
Bc2 b5 16. f4 Bd4+ 17. Kh1 b4 18. e5 dxe5 19. fxe5 bxc3 20. exf6 g6 21. Bxc3
Rfd8 22. Bxd4 Rxd4 23. Qe3 Rh4 24. b4 cxb4 25. Rxb4 Rd8 26. c5 Rh5 27. Bd1 Qe5
28. Bxh5 Qxh5 29. Kg1 Qd5 30. Rf2 Qh5 31. Rd4 Rc8 32. Rd6 h6 33. Qd4 Kh7 34. Rd8
e5 35. Qc4 Rc7 36. Rf8 g5 37. Qd3+ Qg6 38. Qd6 Rb7 39. Qd8 Qb1+ 40. Kh2 Kg6 41.
Rh8 g4 42. Qg8+ 1-0